L´Art du Rire et de la Caricature (Record no. 4732)

MARC details
000 -CABECERA
campo de control de longitud fija 00811nam a2200253 a 4500
001 - NÚMERO DE CONTROL
campo de control BRCA_5038
005 - FECHA Y HORA DE LA ÚLTIMA TRANSACCIÓN
campo de control 20190320204920.0
008 - DATOS DE LONGITUD FIJA--INFORMACIÓN GENERAL
campo de control de longitud fija 810403s1892####fr-a######---#000-0#fre-#
041 ## - CÓDIGO DE LENGUA
Código de lengua del texto/banda sonora o título independiente fre
044 ## - CÓDIGO DEL PAÍS DE LA ENTIDAD EDITORA/PRODUCTORA
Código MARC del país fr
050 #4 - SIGNATURA TOPOGRÁFICA DE LA BIBLIOTECA DEL CONGRESO
Número de clasificación NC1325
Número de documento/Ítem .A44 1892
100 1# - ENTRADA PRINCIPAL--NOMBRE DE PERSONA
Nombre de persona Alexandre, Arsene
9 (RLIN) 12866
245 10 - MENCIÓN DE TÍTULO
Título L´Art du Rire et de la Caricature
Mención de responsabilidad, etc. par Arsene Alexandre.
260 ## - PUBLICACIÓN, DISTRIBUCIÓN, ETC.
Lugar de publicación, distribución, etc. París
Nombre del editor, distribuidor, etc. Ancienne Maison Quantin
Fecha de publicación, distribución, etc. [1892]
300 ## - DESCRIPCIÓN FÍSICA
Extensión 350 p.
Otras características físicas il. (algunas a color), 59 láminas
Dimensiones 28 cm.
500 ## - NOTA GENERAL
Nota general 300 facsímiles en blanco y negro y 12 láminas a color de acuerdo con los originales
500 ## - NOTA GENERAL
Nota general Con ex-libris de: Gustave Maunoir
500 ## - NOTA GENERAL
Nota general Estado físico: Libro deteriorado
500 ## - NOTA GENERAL
Nota general DD21
650 14 - PUNTO DE ACCESO ADICIONAL DE MATERIA--TÉRMINO DE MATERIA
Término de materia o nombre geográfico como elemento de entrada Caricaturas
9 (RLIN) 12867
650 14 - PUNTO DE ACCESO ADICIONAL DE MATERIA--TÉRMINO DE MATERIA
Término de materia o nombre geográfico como elemento de entrada Humorismo gráfico
9 (RLIN) 12868
902 ## - CATALOGADOR
Iniciales GFM
942 ## - ELEMENTOS DE PUNTO DE ACCESO ADICIONAL (KOHA)
Fuente del sistema de clasificación o colocación Library of Congress Classification
Tipo de ítem Koha Libros
Holdings
Estado de retiro Estado de pérdida Estado dañado No para préstamo Localización permanente Ubicación/localización actual Fecha de adquisición Número de inventario Total de préstamos Signatura topográfica completa Código de barras Fecha visto por última vez Precio válido a partir de Tipo de ítem Koha
El ejemplar forma parte de la colección y puede ser consultado según las políticas vigentes.       Biblioteca del Museo Franz Mayer (Rogerio Casas-Alatriste) Biblioteca del Museo Franz Mayer (Rogerio Casas-Alatriste) 05/11/2010 DD21   NC1325 .A44 1892 (DD21) 5148 22/03/2019 22/03/2019 Libros